Statistics for Ministerstva České republiky

Click here to take the quiz!

General Stats

  • This quiz has been taken 99 times
  • The average score is 10 of 14

Answer Stats

Ministerstvo% Correct
Ministerstvo školství, mládeže a tělovýchovy
89%
Ministerstvo financí
88%
Ministerstvo obrany
81%
Ministerstvo zdravotnictví
81%
Ministerstvo vnitra
80%
Ministerstvo zemědělství
68%
Ministerstvo zahraničních věcí
67%
Ministerstvo kultury
65%
Ministerstvo práce a sociálních věcí
61%
Ministerstvo dopravy
60%
Ministerstvo životního prostředí
58%
Ministerstvo průmyslu a obchodu
55%
Ministerstvo spravedlnosti
50%
Ministerstvo pro místní rozvoj
48%

Score Distribution

Percentile by Number Answered

Percent of People with Each Score

Your Score History

You have not taken this quiz